Statistics for Double Trouble Countries

Click here to take the quiz!

General Stats

  • This quiz has been taken 1,119 times
    (680 since last reset)
  • The average score is 30 of 40

Answer Stats

HintAnswer% Correct
Israel
92%
Malait / KuwtaKuwait
92%
Colmark / DenombiaDenmark
91%
Isada / CanraelCanada
90%
Colombia
89%
Albania
88%
Zileroon / CambraCameroon
88%
Albutan / BhaniaBhutan
87%
Eastana / TimorguyEast Timor
85%
Guatemala
84%
Fiji
83%
Malta
83%
Emalani / GuateswatieSwatini
82%
Fiman / JioOman
81%
Brazil
77%
Guyana
77%
Angola
76%
Malmol / AysiadovaMalaysia
75%
Landjor / DaniceIceland
75%
Jordan
74%
Moldova
74%
Tunisia
74%
Georgia
73%
Vietnam
73%
Nisiafi / TunlandFinland
73%
Olachi / AngnaChina
73%
Orgialand / GeireIreland
72%
Namita / LyvietItaly
67%
Belarus
66%
Turkey
65%
Keyesto / NiaturEstonia
65%
Sompana / AliamaSomalia
65%
Valubur / UndituBurundi
64%
Adorbela / RusecuEcuador
64%
Tuvalu
62%
Germany
59%
Xicomon / AcomeMexico
59%
Panama
59%
Manygui / NeagerGuinea
58%
Monaco
54%

Score Distribution

Percentile by Number Answered

Percent of People with Each Score

Your Score History

You have not taken this quiz since the last reset